000 01056nam a2200217Ia 4500
999 _c38417
_d38417
001 4428
003 GE_BSU
005 20190516153822.0
008 181216s1964||||ge |||||||||||||| ||geo||
040 _cGE_BSU
041 _ageo
080 _a39(47.922) ქ-27
245 _aქართველი ხალხის სამეურნეო ყოფა და მატერიალური კულტურა. Хозяйственный быт и материальная культура грузинского народа /
_cრედ. გ. კუბლაშვილი.
264 _aთბილისი :
_bსაბჭოთა საქართველო,
_c1964.
300 _a258 გვ . ;
_c21 სმ.
653 _aეთნოგრაფია
653 _aეთნოლოგია
653 _aზნე-ჩვეულებანი.ხალხთა ცხოვრება.ფოლკლორი.
700 _aკუბლაშვილი, გ
_eრედაქტორი
_91239
942 _cBK
_2udc